| 000 | 01051nam0a2200313 i 4500 | ||
|---|---|---|---|
| 001 | RU\NLR\BIBL_A\010260746 | ||
| 005 | 20241104142437.0 | ||
| 010 |
_a9785848101386 _9100 |
||
| 021 |
_aRU _b2014-2585 _9158 |
||
| 035 | _a(NILC)RuMoRGB-006728334 | ||
| 035 | _a(NLR Aleph) 010260746 | ||
| 090 |
_a10457727 _c10457727 |
||
| 100 | _a20140321d2013 u y0rusy50 ca | ||
| 101 | 0 | _arus | |
| 102 | _aRU | ||
| 105 | _ay|||z||||00yy | ||
| 200 | 1 |
_aДолг дружбы _fА. С. Барсков |
|
| 210 |
_aМосква _cВНИИгеосистем _d2013 |
||
| 215 |
_a255 с. _cил. _d21 |
||
| 600 | 1 |
_aХикок _bД. Б. _f1837 - 1876 _gДжеймс Батлер _xв художественной литературе _92180504 _3RU\NLR\AUTH\6601547874 |
|
| 686 | 2 | _aШ6(2=Р)8-442 | |
| 700 | 1 |
_aБарсков _bА. С. _gАлександр Сергеевич |
|
| 801 | 0 |
_aRU _bРГБ _c20140128 _gRCR |
|
| 801 | 1 |
_aRU _bРГБ _c20140128 _2rusmarc |
|
| 942 | _cBOOK | ||
| 980 | _aNBR | ||